Central Library OPAC University of Rajshahi

Europe in the nineteenth century / (Record no. 24486)

MARC details
000 -LEADER
fixed length control field 00774nam a22002412a 4500
001 - CONTROL NUMBER
control field 24486
003 - CONTROL NUMBER IDENTIFIER
rucl marc code BD-RJUL
005 - DATE AND TIME OF LATEST TRANSACTION
control field 20211209001046.0
008 - FIXED-LENGTH DATA ELEMENTS--GENERAL INFORMATION
fixed length control field 140313s19681940enkab 001 0 eng d
035 ## - SYSTEM CONTROL NUMBER
System control number (BD-RJUL)24553
040 ## - CATALOGING SOURCE
Original cataloging agency DLC
Transcribing agency KSW
Modifying agency EQO
Language of cataloging eng
041 ## - LANGUAGE CODE
Language code of text/sound track or separate title eng
082 ## - DEWEY DECIMAL CLASSIFICATION NUMBER
Classification number 940.27
Author mark and year AYE 1968
100 1# - MAIN ENTRY--PERSONAL NAME
Personal name Ayerst, David George Ogilvy.
9 (RLIN) 75380
245 10 - TITLE STATEMENT
Title Europe in the nineteenth century /
Statement of responsibility, etc. by D. G. O. Ayerst ...
260 ## - PUBLICATION, DISTRIBUTION, ETC. (IMPRINT)
Place of publication, distribution, etc. Cambridge [Eng.] :
Name of publisher, distributor, etc. The University Press,
Date of publication, distribution, etc. C1940 [reprinting 1968]
300 ## - PHYSICAL DESCRIPTION
Pagination xiv p., 1 leaf, 432 p. :
Illustrations illus. (incl. maps, geneal. tables) ;
Size 20 cm
504 ## - BIBLIOGRAPHY, ETC. NOTE
Bibliography, etc includes index
651 #0 - SUBJECT ADDED ENTRY--GEOGRAPHIC NAME
Geographic name Europe
General subdivision History
Chronological subdivision 1789-1900
9 (RLIN) 69784
Geographic name Europe
General subdivision History
Chronological subdivision 20th century
9 (RLIN) 9816
942 ## - ADDED ENTRY ELEMENTS (KOHA)
Source of classification or shelving scheme Dewey Decimal Classification
Koha item type Books
Holdings
Lost status Source of classification or shelving scheme Damaged status Not for loan Collection code Permanent Location Current Location Shelving location Date acquired Source of acquisition Cost, normal purchase price Total Checkouts Full call number Date last seen Copy number Koha item type
  Dewey Decimal Classification     Non-fiction Central Library, University of Rajshahi Central Library, University of Rajshahi   08/10/1969 Zetlinger 15.00   940.27 AYE 1968 13/03/2014 C-4 Books
  Dewey Decimal Classification   Not For Loan Non-fiction Central Library, University of Rajshahi Central Library, University of Rajshahi Reading Room 25/04/1966 Australia govt.     940.27 AYE 1968 04/02/2017 C-1 Books